| 000 | 03440aam a2200481 i 4500 | ||
|---|---|---|---|
| 001 | 768714001 | ||
| 003 | CO-MdFUSB | ||
| 005 | 20240507152804.0 | ||
| 007 | ta | ||
| 007 | cr aa uaaaa | ||
| 008 | 240416b2011 sp a|||| |||| 00| 0 spa d | ||
| 020 | _a8497150333 | ||
| 040 | _cCO-MdFUSB | ||
| 041 | _aspa | ||
| 082 | 0 | 4 |
_a220.7 _223 _bO236b |
| 100 | 1 |
_aLouth, Andrew _eautor |
|
| 240 | _aAncient Christian Commentary on Scripture. Old Testament | ||
| 245 | 1 |
_aLa Biblia comentada por los padres de la Iglesia : Antiguo Testamento : _bGénesis 1-11 _c/ Andrew Louth ; editado por Thomas C. Oden _h[Físico y electrónico] |
|
| 264 | 1 |
_bCiudad Nueva, _aMadrid, España : _c[2001] _c[2003] |
|
| 264 | 4 | _c©2001 | |
| 300 |
_a234 páginas _c; 25 cm |
||
| 336 |
_2rdacontent _atexto _btxt |
||
| 337 |
_2rdamedia _asin mediación _bn |
||
| 337 |
_2rdamedia _ainformático _bc |
||
| 338 |
_2rdacarrier _avolumen _bnc |
||
| 338 |
_2rdacarrier _aremoto _bcr |
||
| 490 | _aAncient Christian Commentary on Scripture | ||
| 501 | _aPasta dura | ||
| 505 | _aPresentación del Cardenal - Arzobispo de Madrid -- Prólogo del director de la edición en castellano -- Introducción general a la BCPI | ||
| 506 | _aPréstamo en biblioteca del libro físico | ||
| 506 | _aSolicitar clave y usuario para acceder al libro electrónico | ||
| 520 | _aEl rico tapiz de la narrativa de la creación en los primeros capítulos del Génesis resultó irresistible para las mentes reflexivas y reflexivas de los padres de la iglesia. Dentro de ellos encontraron los hilos iniciales a partir de los cuales tejer una teología de la creación, la caída y la redención. Siguiendo a su mentor, el apóstol Pablo, exploraron el profundo significado de Adán como tipo de Cristo, el segundo Adán. Los seis días de la creación resultaron especialmente atractivos entre los padres como tema de comentario, y Basilio el Grande y Ambrosio produjeron conocidos Hexaemerons. De manera similar, Agustín dedicó partes de cinco obras al primer capítulo del Génesis. Como en volúmenes anteriores del Comentario cristiano antiguo sobre las Escrituras, la gama de comentarios contenidos en este volumen abarca desde el siglo I hasta el VIII y de Oriente a Occidente, desde hablantes de griego y latín hasta siríaco. Este volumen de ACCS sobre Génesis 1-11 abre un tesoro de sabiduría antigua que permite a estos testigos fieles, algunos de los cuales aparecen aquí en traducción al inglés por primera vez, hablar con elocuencia y perspicacia intelectual a la iglesia de hoy. Especialmente útil es la provisión por parte del editor del volumen de lecturas alternativas de la Septuaginta al texto masorético, que a menudo son necesarias para comprender el flujo de pensamiento de los padres. | ||
| 563 | _aPasta dura | ||
| 630 | 0 | 7 |
_aBiblia. _pAntiguo Testamento _xCrítica, interpretación, etc. |
| 630 | 0 | 7 |
_aBiblia. _pGénesis _xCrítica, interpretación, etc. |
| 650 | 1 | 7 |
_aPadres de la Iglesia _959 |
| 700 | 1 |
_aOden, Thomas C. (Editor) _eeditor |
|
| 856 |
_b761276 _uhttps://web.p.ebscohost.com/ehost/detail/detail?vid=3&sid=21625d6b-dd7a-44a5-8fda-9817f3e56cf3%40redis&bdata=Jmxhbmc9ZXMmc2l0ZT1laG9zdC1saXZl#db=nlebk&AN=761276 _yAbrir Versión electrónica del libro La Biblia comentada por los padres de la Iglesia |
||
| 942 | _cREF | ||
| 945 | _aJTF-925 | ||
| 999 |
_c45212 _d45212 |
||